| 000 | 00629nam a2200241Ia 4500 | ||
|---|---|---|---|
| 003 | OSt | ||
| 005 | 20220918193125.0 | ||
| 006 | a|||||r|||| 00| 0 | ||
| 007 | ta | ||
| 008 | 220917b |||||||| |||| 00| 0 eng d | ||
| 024 | _a71,936 | ||
| 037 | _cTextual | ||
| 040 |
_aARTS _cARTS _beng |
||
| 041 |
_2eng _aeng |
||
| 082 | _aR6v, N5 P15 | ||
| 100 |
_aBahadur K P _962030 |
||
| 245 | 0 | _aSource book of Hindu philosophy | |
| 260 |
_aNew Delhi _bEss Ess Pub _c1995 |
||
| 300 |
_axiii, 403p. _ccm. |
||
| 650 | _aINDIAN PHILOSOPHY | ||
| 942 |
_hR6v, N5 P15 _cTEXL _2CC |
||
| 999 |
_c197990 _d197990 |
||